| 000 | 00495cam a2200181ua 4500 | ||
|---|---|---|---|
| 020 | _c25.00 | ||
| 041 |
_aeng _h |
||
| 082 |
_a539.7 _bREY/PH |
||
| 100 | _aReyna, Ruth . | ||
| 245 |
_aPhilosophy of matter in the atomic era : A new approaches to the philosophy of science / _cRuth Reyna. _hTextual Documents |
||
| 250 |
_a1 / _b. |
||
| 260 |
_aMumbai : _bAsia Publishing House , _c1962. |
||
| 300 | _a255 ; . | ||
| 365 | _a25.00 | ||
| 504 | _a | ||
| 942 | _cBK | ||
| 999 |
_c1693 _d1693 |
||